Zhodnotenie súčasnej metodiky obstarania, účtovania a evidencie zásob s vo vybranej výrobnej účtovnej jednotke bakalárska práca

Guardado en:
Detalles Bibliográficos
Autor principal: Suriaková, Lívia
Autor Corporativo: Fakulta hospodárskej informatiky EU. Katedra účtovníctva a audítorstva
Otros Autores: Kňažková, Veronika, 1986-
Formato: Libro
Lenguaje:eslovaco
Publicado: Bratislava 2025
Etiquetas: Agregar Etiqueta
Sin Etiquetas, Sea el primero en etiquetar este registro!

MARC

LEADER 00000nbm a2200000 4500
001 0310456
005 20260217100919.0
041 0 |a slo 
044 |a SK 
245 1 0 |a Zhodnotenie súčasnej metodiky obstarania, účtovania a evidencie zásob s vo vybranej výrobnej účtovnej jednotke  |b bakalárska práca  |c Lívia Suriaková ; školiteľ: Veronika Kňažková 
264 1 |a Bratislava  |c 2025 
300 |a 41 s. 
100 1 |a Suriaková, Lívia 
700 1 |a Kňažková, Veronika, 1986- 
710 2 |a Fakulta hospodárskej informatiky EU. Katedra účtovníctva a audítorstva